| 000 | 00909nam a22002297a 4500 | ||
|---|---|---|---|
| 001 | 47833 | ||
| 003 | BD-RjUL | ||
| 005 | 20211209054413.0 | ||
| 008 | 160810s2012 bg ||||| |||| 00| 0 ben d | ||
| 020 |
_a9789840412853 _c: TK 150.00 |
||
| 035 | _a(BD-RjUL)47952 | ||
| 040 |
_aBD-RjUL _bben _cBD-RjUL |
||
| 041 | _aben | ||
| 082 |
_223 _a491.4409 _bAZV 2012 |
||
| 100 |
_aআজাদ, হুমায়ূন _9145225 |
||
| 245 | 1 | 0 |
_aভাষাশিক্ষা ও ভাষাবিজ্ঞান পরিচিতি / _cহুমায়ূন আজাদ |
| 260 |
_aঢাকা : _bআগামী প্রকাশনী, _c২০১২ |
||
| 300 |
_a৮৬ পৃ. ; _c২১ সেমি. |
||
| 650 |
_aবাংলা ভাষা _xইতিহাস ও সমালোচনা _9123477 |
||
| 650 |
_aBengali Literature _xHistory & Criticism _9145226 |
||
| 942 |
_2ddc _cBK |
||
| 999 |
_c47833 _d47833 |
||